Arreglo artístico de servilletas (Registro nro. 5673)
[ vista simple ]
| 000 -CABECERA | |
|---|---|
| campo de control de longitud fija | 00607ata a2200229 4500 |
| 005 - FECHA Y HORA DE ACTUALIZACIÓN | |
| campo de control | 20160922180109.0 |
| 008 - LONGITUD FIJA | |
| campo de control de longitud fija | 150519b xxu||||| |||| 00| 0 spa d |
| 041 ## - IDIOMA | |
| Código de idioma del texto/pista de sonido o título separado | |
| 082 ## - CLASIFICACIÓN DECIMAL DEWEY | |
| Número de clasificación | 1.4.12 G492g2 |
| 100 ## - AUTOR PERSONAL | |
| Nombre de persona | Ginders, James |
| 245 ## - TÍTULO PROPIAMENTE DICHO | |
| Título | Arreglo artístico de servilletas |
| 250 ## - EDICIÓN | |
| Mención de edición | 2 edición |
| 260 ## - PIE DE IMPRENTA | |
| Lugar de publicación, distribución, etc. | México |
| Nombre del editor, distribuidor, etc. | Trillas |
| Fecha de publicación, distribución, etc. | 2007 |
| 300 ## - DESCRIPCIÓN FÍSICA | |
| Extensión | 111 páginas |
| 650 ## - Materia General | |
| Materia general | GASTRONOMÍA |
| 650 ## - Materia General | |
| Materia general | MESA |
| 650 ## - Materia General | |
| Materia general | ARREGLO Y DECORACIÓN |
| 650 ## - Materia General | |
| Materia general | DECORACIÓN |
| 650 ## - Materia General | |
| Materia general | ALIMENTOS Y BEBIDAS |
| 650 ## - Materia General | |
| Materia general | SERVILLETAS |
| 942 ## - Punto de Acceso Adicional Koha | |
| Tipo de ítem Koha | Libro |
| Estado perdido | Estado dañado | No para préstamo | Biblioteca permanente | Biblioteca actual | Signatura completa | Código de barras | Precio efectivo a partir del | Tipo de ítem |
|---|---|---|---|---|---|---|---|---|
| Departamento de Biblioteca y Documentación Alfonso Chase Brenes | Departamento de Biblioteca y Documentación Alfonso Chase Brenes | 1.4.12 G492g2 | 14694 | 22/09/2016 | Libro | |||
| Departamento de Biblioteca y Documentación Alfonso Chase Brenes | Departamento de Biblioteca y Documentación Alfonso Chase Brenes | 1.4.12 G492g2 | 4609 | 30/10/2017 | Libro |